[Event "KAZ-ch U14 Girls"]
[Site "Ak Bulak"]
[Date "2022.03.22"]
[Round "3"]
[White "Orazalina, Nursulu"]
[Black "Shaikenova, Adiya"]
[Result "0-1"]
[WhiteElo "1486"]
[BlackElo "1333"]
[PlyCount "160"]
[EventDate "2022.03.20"]
[EventType "swiss"]
[EventRounds "9"]
[EventCountry "KAZ"]
[SourceTitle "EXT 2023"]
[Source "ChessBase"]
[SourceDate "2022.10.05"]
[SourceVersion "1"]
[SourceVersionDate "2022.10.05"]
[SourceQuality "1"]

1. e4 e6 2. d4 d5 3. exd5 exd5 4. Nf3 Bd6 5. c4 c6 6. cxd5 cxd5 7. Nc3 Nf6 8. Bg5 Be6 9. Bb5+ Nc6 10. Ne5 Qb6 11. Bxf6 gxf6 12. Nxc6 bxc6 13. Ba4 Rc8 14. Qd2 Rg8 15. 0-0 Rg4 16. f4 Qc7 17. Ne2 Kf8 18. Rac1 c5 19. dxc5 Bxc5+ 20. Kh1 Qb7 21. Ng3 f5 22. Bd1 Rg6 23. Bf3 Qd7 24. Rc2 Rc7 25. Rfc1 Qd6 26. Ne2 Bb6 27. Nc3 Ba5 28. Qd4 Rc4 29. Qh8+ Rg8 30. Qxh7 Qxf4 31. Ne2 Rxc2 32. Rxc2 Qe5 33. Qh6+ Ke7 34. Qh4+ Qf6 35. Qxf6+ Kxf6 36. Rc6 Ke5 37. Rc5 Bb6 38. Rb5 Rc8 39. Nc3 Rc5 40. Rxc5 Bxc5 41. b3 d4 42. Nb1 d3 43. Bd1 Ke4 44. h4 Bd4 45. h5 Ke3 46. a4 a5 47. Kg1 Bc8 48. Bf3 Ba6 49. h6 d2 50. Nxd2 Kxd2+ 51. Kh2 Bh8 52. Bd5 Bd3 53. Kh3 Bc2 54. Bxf7 Kc3 55. g4 fxg4+ 56. Kxg4 Bxb3 57. Be8 Kb4 58. Kg5 Bxa4 59. Bg6 Bb3 60. Be8 Ba4 61. Bf7 Bb5 62. Kg6 Bd3+ 63. Kg5 a4 64. Ba2 a3 65. Kf4 Bc4 66. Bb1 Kc3 67. h7 Kb2 68. Bf5 a2 69. Kg5 a1Q 70. Kg6 Qa6+ 71. Kh5 Qf6 72. Kg4 Be6 73. Bxe6 Qxe6+ 74. Kg3 Qf5 75. Kh2 Qg4 76. Kh1 Kc3 77. Kh2 Kd3 78. Kh1 Ke2 79. Kh2 Kf2 80. Kh1 Qg2# 0-1